000 01155nam a22002417a 4500
999 _c19036
_d19036
005 20251125232912.0
008 s2544 th tha d
020 _a9742829659
040 _aNALT
041 _atha
100 0 _aฤทธิชัย งดงาม
245 1 0 _aเปรียบเทียบกฎหมายวิธีพิจารณาความแพ่งและกฎหมายวิธีพิจารณาความอาญา : พร้อมประเด็นและข้อสังเกตที่สำคัญ
260 3 _aกรุงเทพฯ :
_bวิญญูชน,
_c2544
300 _a480 หน้า ;
_b 26 ซม.
650 0 4 _aกฎหมายวิธีพิจารณาความอาญา
650 0 4 _aกฎหมายวิธีพิจารณาความแพ่ง
700 0 _aฤทธิชัย งดงาม
850 _aNALT
856 4 0 _uhttps://hdl.handle.net/20.500.14156/302618
_71
942 _cLB
_2lcc
998 _j25
_k นีลวัสน์ อินทรักษา
090 _aKT33 ฤ172ป 2544